| 000 | 00458nam a2200157Ia 4500 | ||
|---|---|---|---|
| 005 | 20250327083229.0 | ||
| 008 | 231217s9999 xx 000 0 und d | ||
| 020 | _a9788131419434 | ||
| 082 | _a333.9116 MEN;1 R | ||
| 100 | _aMenon, Sudha . Pillai, Pheba Anandan ed. | ||
| 245 | 0 | _aWatershed management : concepts and experiences | |
| 260 |
_c2008 _bIcfai _aHyderabad |
||
| 300 | _avii, 279 | ||
| 650 | _aWatershed,management,experiences | ||
| 942 | _cAA | ||
| 999 |
_c187722 _d187722 |
||